00653nam a22002177a 4500001000700000003000900007005001700016007000700033008003800040020001500078040002200093100002900115240004900144245005300193246004100246250002200287260005000309300002200359490002700381830002700408000371DO-SdBNP20180206100249.0000371160707b1999 sp ||||| |||| 00| 0 spa d a8424178688 aBPMSUbspacBPMSU1 aVerne, Jules,d1828-190510aVingt mille lieues sous les mers lEspañol10a20.000 leguas de viaje submarino /cJulio Verne. aVeinte mil leguas de viaje submarino aversión integra aLeón, España :bEditorial Everest,c1999. a227 p. ; c23 cm.1 aClásicos de bolsillo 0pClásicos de bolsillo